{"text_format":"3","workbook":"xlsx","n_sheets":2,"sheets":["Sheet1","Sheet1 (2)"],"not_rendered":{"images":3},"read":"whole","date_system":"1900"}

{"sheet":"Sheet1","index":0,"n_rows":51,"n_cols":12,"rows_kept":51,"merged":[[0,0,1,11],[2,0,2,8],[2,9,2,11],[4,10,5,10],[4,11,5,11],[6,7,10,7],[6,10,27,10],[6,11,27,11],[19,7,24,7],[25,7,26,7],[28,10,35,10],[28,11,35,11],[36,10,39,10],[36,11,39,11],[37,7,39,7],[40,10,49,10],[40,11,49,11]]}
["连云港市华茂绿化工程有限公司8月份月度计划物资采购询价报价单"]
[]
["拟采购计划（申购单位填写）",{"$nulls":8},"（实际采购情况）采购单位填写"]
["序号","物品\n名称","规格\n型号","单位","数量","控制单价（元）","控制总价\n（元）","单价（含运费、增值税专票）（元）","总价（含运费、增值税专票）\n（元)","备注","单位","联系人电话"]
[1,"带线多孔插排","4*5","个",1,80,80,{"$nulls":3},"养殖","伏广波\n17768489922"]
[2,"单相电表",null,"个",1,50,50]
[7,"小刚锨","小号","把",10,25,{"$f":"E7*F7","v":250},{"$nulls":3},"大浦","乔艳\n18795518660"]
[8,"黑色垃圾袋","1.0*1.2","个",300,0.6,180]
[9,"黑色垃圾袋","1.2*1.4","个",300,0.5,150]
[10,"垃圾钳","加长","把",15,26,390]
[11,"半身背带皮叉","42码一个/40码一个","个",2,100,200]
[12,"救生衣",null,"件",6,300,1800,"国标"]
[13,"三齿钉耙",null,"把",6,30,180,"环卫"]
[14,"刀片",null,"盒",1,20,20]
[15,"五齿叉头(锰钢实心)","27*33cm /1.4斤","把",5,30,150]
[16,"钢耙子","九齿","把",5,30,150]
[17,"洁厕灵",null,"瓶",5,5,25]
[18,"永磁直流潜水泵","ZQB-48V-60V\n/1000-2000W","台",2,200,400]
[19,"环卫打捞网",null,"张",2,60,120,null,null,"水面拦污网"]
[20,"马桶刷",null,"把",2,8,16,"公厕打扫"]
[21,"水桶",null,"个",1,15,15]
[22,"檀香",null,"盘",5,6,30]
[23,"五彩球",null,"袋",10,5,50]
[24,"洗衣粉",null,"袋",5,12,60]
[25,"垃圾桶",null,"个",5,10,50]
[29,"卷尺",null,"个",1,10,10]
[30,"五孔插座",null,"个",2,20,40]
[31,"反光 路锥套","上8*下29*高30","个",50,3,150,"绿化北片区"]
[null,"安全帽",null,"顶",4,30,120,{"$nulls":3},"绿化","张浩哲\n17551049130"]
[null,"短梯","2米","把",1,280,280]
[null,"铁丝","14号25kg","捆",1,130,130]
[null,"插排","5米","个",1,120,120]
[null,"空开",null,"个",1,30,30]
[null,"路锥",null,"个",100,10,1000]
[null,"裁纸刀",null,"个",2,10,20]
[null,"裁纸刀片",null,"盒",1,10,10]
[null,"公牛插排","5米8孔","个",3,100,300,{"$nulls":3},"工程部","孙振刚\n18360506507"]
[null,"卷尺","5米","个",2,20,40,"办公区维修用"]
[null,"推尺",null,"个",1,180,180]
[null,"吊顶扣板（矿棉板）","60*60","块",15,30,450]
[null,"轴承",6308,"盘",4,30,{"$f":"E41*F41","v":120},{"$nulls":3},"资源","胡超\n15061320027"]
[null,"开口线鼻","100A","个",20,3,60]
[null,"两芯电缆","2.5平方","套",1,500,500,"100米，纯铜的"]
[null,"齿轮油","5斤","桶",1,60,60,"轴承用，质量好点的"]
[null,"柴油机油","5斤","桶",2,50,100]
[null,"除锈剂","500ml","瓶",10,15,150]
[null,"单面胶手套",null,"双",12,3.5,42,"滩上用"]
[null,"双面胶手套",null,"双",12,5,60,"滩上用"]
[null,"浸塑手套",null,"双",4,15,60,"滩上用"]
[null,"东成原装锂电池","20v4.0","个",1,200,200,"附照片"]
[{"$nulls":6},{"$f":"SUM(G5:G50)","v":8598}]

{"sheet":"Sheet1 (2)","index":1,"n_rows":45,"n_cols":12,"rows_kept":45,"merged":[[0,0,1,11],[2,0,2,8],[2,9,2,11],[4,10,13,10],[4,11,13,11],[14,10,24,10],[14,11,24,11],[26,11,27,11],[28,11,29,11],[30,11,31,11],[32,11,33,11],[35,11,36,11],[38,10,41,10],[38,11,41,11],[42,10,43,10],[42,11,43,11]]}
["连云港市华茂绿化工程有限公司5月份月度计划物资采购询价报价单"]
[]
["拟采购计划（申购单位填写）",{"$nulls":8},"（实际采购情况）采购单位填写"]
["序号","物品\n名称","规格\n型号","单位","数量","控制单价（元）","控制总价\n（元）","单价（含运费、增值税专票）（元）","总价（含运费、增值税专票）\n（元)","备注","单位","联系人电话"]
[1,"pe自来水管25","（6分）热熔硬管","米",600,3,{"$f":"E5*F5","v":1800},{"$nulls":3},"养殖","伏广波\n17768489922"]
[2,"pe直接25","（6分）热熔","个",10,0.5,5]
[3,"pe三通25","（6分）热熔","个",5,1,5]
[4,"4P160A漏电保护器","CDM3LS-160S","个",2,300,600]
[5,"绝缘十字螺丝刀","6*125mm","把",1,20,20]
[6,"空开拉合闸绝缘棒","380v*80mm","根",1,50,50]
[7,"LED灯芯白光","80W磁吸圆形","个",1,60,60]
[8,"PVC阻燃线槽","30*15","米",12,3,36]
[9,"尖嘴钳电工","8寸","把",1,30,30]
[10,"LED灯白光","40W圆形吸顶灯","个",1,40,40]
[11,"84消毒液",null,"个",5,10,50,{"$nulls":3},"大浦","乔艳\n18795518660"]
[12,"洗衣粉","雕牌/1Kg","袋",5,20,100]
[13,"黑色垃圾袋","加厚/1.2*1.4/50个 包","个",1000,0.6,600]
[14,"黑色垃圾袋","加厚/1.0*1.2","个",1000,0.6,600]
[15,"塑料扫把",null,"把",10,15,150]
[16,"垃圾钳","加长","把",20,30,600]
[17,"小铁锨","掏小井","把",10,35,350]
[18,"打气筒",null,"个",1,35,35]
[19,"撬子","修车用","把",1,20,20,"国标"]
[20,"防过充插排","公牛牌","个",2,60,120,"国标"]
[21,"插排","公牛牌/米","个",3,70,210,"国标"]
[22,"安全绳",null,"米",100,2,200,{"$nulls":3},"东方大道班组","李庆云\n13861423887"]
[23,"锂基脂","15KG","桶",1,200,200,{"$nulls":3},"大港路班组","王少杰\n13327860709"]
[24,"黄油枪",null,"把",1,150,150,{"$nulls":3},"大港路班组"]
[25,"蛇皮袋",null,"个",100,0.8,80,{"$nulls":3},"汇晶路班组","龚成春\n15861201813"]
[26,"竹扫把",null,"把",3,50,150,{"$nulls":3},"汇晶路班组"]
[27,"蛇皮袋",null,"个",100,0.8,80,{"$nulls":3},"228国道班组","韩永光\n13812336854"]
[28,"口罩",null,"盒",20,5,100,{"$nulls":3},"228国道班组"]
[29,"大扫把",null,"把",4,25,100,{"$nulls":3},"火车站班组","李林\n17696886793"]
[30,"小竹扫帚",null,"把",4,20,80,{"$nulls":3},"火车站班组"]
[31,"安全帽",null,"顶",5,30,150,{"$nulls":3},"工程项目部","金华\n15150932788"]
[32,"黄油枪","卡尔森K-699","个",1,110,110,{"$nulls":3},"水管维修","尤金\n15366660107"]
[33,"黄油","海油博士顿","桶",1,200,200,{"$nulls":3},"水管维修"]
[34,"路锥反光套",null,"个",50,2,100,{"$nulls":3},"绿化","张浩哲\n17551049130"]
[35,"高压橡胶自粘带","舒氏S10","个",2,20,40,{"$nulls":3},"资源","胡超\n15061320027"]
[36,"PVC电气胶带","舒氏","个",20,4,80]
[37,"轴承",6305,"盘",20,20,400]
[38,"液压油","3.5升","桶",2,100,200]
[39,"柔性漏电钳形表","胜利VC690B\n电流量程0MA-10000A","部",1,600,600,{"$nulls":3},"裕达","毛舒舒\n18961338911"]
[40,"插排","公牛 8位总控5M","个",2,80,160]
[{"$nulls":6},{"$f":"SUM(G5:G44)","v":8661}]